000 00650nam a22002177a 4500
005 20170124110103.0
010 _a321399
020 _c00.00
035 _a321399
037 _bCen Lib/Ret
040 _aDPL
_bEN
082 _a921
_bCAR
100 _aCartland, Barbara
_927585
245 _aMetternich :
_cby Barbara Cartland
_bthe passionate diplomat /
260 _aLondon
_bHutchinson
_c1964
270 _a178-202 Great Portland Street
300 _a159p. :
_c21cm(Hb)
_bill.
650 _aMetternich, Clemens Wenzel Lothar, -- Fürst von, -- 1773-1859
_927586
650 _aStatesmen
_98466
942 _2ddc
_cEN
_h921
_mCAR
999 _c129855
_d129855